Представление документа в формате MARC21

Поле Инд. ПП Название Значение
Тип записи a
Библиографический уровень b
001 Контрольный номер DU/530040507
005 Дата корректировки 20200625183926.5
008 Кодируемые данные 20131129
040 b Код языка каталог. rus
e Правила каталог. PSBO
041 0_ a Код языка текста rus
084 a Индекс другой классификации/Индекс ББК 67.00
100 1_ a Автор Баринов Э. Э.
245 10 a Заглавие Конституция России как ценностно-идеологическая основа конституционного правосознания российских граждан
504 a Библиография Лит. в конце статьи
520 a Аннотация Рассматривается ценностно-идеологическое воздействие Конституции РФ на сознание российских граждан.
650 a Основная рубрика право
a Основная рубрика теория права
a Основная рубрика философия права
653 a Ключевые слова государственная власть
a Ключевые слова государственность
a Ключевые слова государство
a Ключевые слова гражданственность
a Ключевые слова идеологический плюрализм
a Ключевые слова идеология
a Ключевые слова конституционализм
a Ключевые слова конституционное право (государственное право)
a Ключевые слова конституционное правосознание
a Ключевые слова Конституция РФ
a Ключевые слова общество
a Ключевые слова правосознание (правовое сознание)
a Ключевые слова Россия
a Ключевые слова социальные ценности
773 0_ t Заглавие источника Философия права
d Дата издания источника 2015
g Прочая информация № 3 (70). - С. 29 - 33
w Контрольный № источника RU/IS/BASE/502817375
901 t Тип документа b